[Event "RUS-ch Youth U21 Girls 2017"]
[Site "Loo"]
[Date "2017.04.28"]
[Round "9"]
[White "Maltsevskaya, Aleksandra"]
[Black "Styazhkina, Anna"]
[Result "1/2-1/2"]
[WhiteElo "2238"]
[BlackElo "2222"]
[Annotator "NA"]
[PlyCount "61"]
[EventDate "2017.??.??"]
[EventType "tourn"]
[EventCountry "RUS"]
[SourceTitle "playchess.com"]
[Source "ChessBase"]
[SourceQuality "1"]
[TimeControl "40/5400+30:1800+30"]

{[%evp 8,57,18,21,32767,32767,32767,32767,32767,32767,32767,32767,12,2,0,0,0,-2,32767,-4,12,16,25,14,153,146,142,32767,0,0,0,32767,32767,0,0,0,0,0,32767,32767,32767,23,43,32767,32767,25,32767,27,33,25,29,0]} 1. e4 {[%emt 0:00:00]} e5 {[%emt 0:00:08]} 2. Nf3 {[%emt 0:00:00]} Nc6 {[%emt 0:00:06]} 3. Bb5 {[%emt 0:00:00]} a6 {[%emt 0:00:30]} 4. Ba4 {[%emt 0:00:00]} Nf6 {[%emt 0:00:16] LiveBook: 51477 Games} 5. O-O {[%emt 0:00:02]} Bc5 {[%emt 0:00:27]} 6. d3 {[%emt 0:00:33]} b5 {[%emt 0:00:13]} 7. Bb3 {[%emt 0:00:07]} d6 {[%emt 0:00:10]} 8. a4 {[%emt 0:00:14]} Rb8 {[%emt 0:01:22]} 9. axb5 {[%emt 0:01:20]} axb5 {[%emt 0:00:07]} ({Not} 9... Rxb5 $2 10. Ba4 $18) 10. Nc3 {[%emt 0:00:05] C78: Ruy Lopez: Archangelsk and Möller Defences} (10. Be3 Bxe3 11. fxe3 O-O 12. Nc3 Ne7 13. Nd5 Nfxd5 14. Bxd5 c6 15. Bb3 Ng6 16. Qe1 c5 17. Ra7 c4 18. dxc4 {1-0 (36) Smirin,I (2667)-Jones,G (2665) Wijk aan Zee 2017}) 10... Bg4 {[%emt 0:01:05]} 11. Be3 {[%emt 0:03:51]} Nd4 {[%emt 0:02:00]} 12. Bxd4 {[%emt 0:01:48]} Bxd4 {[%emt 0:00:20]} 13. h3 {[%emt 0:00:44]} Bh5 {[%emt 0:04:25]} 14. g4 {[%emt 0:07:37]} Bxc3 $1 {[%emt 0:02:42]} 15. bxc3 {[%emt 0:07:23]} Nxg4 $146 {[%emt 0:06:19]} (15... Bg6 $11 {keeps the balance.} 16. Nh4 h5 17. Nxg6 fxg6 {0-1 (45) Schoene,M (2151)-Mkrtchian,L (2458) Dresden 2007}) 16. hxg4 {[%emt 0:07:07]} Bxg4 {[%emt 0:00:12]} 17. Bxf7+ {[%emt 0:10:42]} Kxf7 {[%emt 0:00:11] [#]} 18. Nxe5+ $1 {[%emt 0:00:06]} dxe5 {[%emt 0:00:09]} 19. Qxg4 {[%emt 0:00:06]} Rb6 {[%emt 0:02:35]} 20. Qf5+ {[%emt 0:04:29]} ({Not} 20. f4 $2 Rg6 21. fxe5+ Kg8 $19) 20... Rf6 {[%emt 0:02:40]} 21. Qh5+ {[%emt 0:04:39]} ({Not} 21. Qxe5 $2 Re8 22. Qh5+ Rg6+ 23. Kh1 Kf8 $19) 21... Rg6+ {[%emt 0:02:23]} 22. Kh1 {[%emt 0:00:37]} Re8 {[%emt 0:13:24]} 23. Rg1 {[%emt 0:02:24]} Qf6 {[%emt 0:04:24]} 24. Rxg6 {[%emt 0:03:57]} hxg6 {[%emt 0:01:59]} 25. Qh3 {[%emt 0:00:26]} Kg8 {[%emt 0:04:03]} 26. Kg2 {[%emt 0:01:39]} Qc6 {[%emt 0:05:09]} 27. Rh1 {[%emt 0:03:54]} Kf7 {[%emt 0:05:49]} 28. Qf3+ {[%emt 0:07:12]} Kg8 {[%emt 0:04:15]} 29. Qh3 $11 {[%emt 0:09:46]} Kf7 {[%emt 0:05:26]} 30. Qf3+ {[%emt 0:00:28]} Kg8 {[%emt 0:01:47]} 31. Qh3 {[%emt 0:00:08]} 1/2-1/2

[Event "RUS-ch Youth U21 Girls 2017"]
[Site "Loo"]
[Date "2017.04.28"]
[Round "9"]
[White "Khokhlova, Daria"]
[Black "Dordzhieva, Dinara"]
[Result "0-1"]
[WhiteElo "2175"]
[BlackElo "2277"]
[Annotator "NA"]
[PlyCount "100"]
[EventDate "2017.??.??"]
[EventType "tourn"]
[EventCountry "RUS"]
[SourceTitle "playchess.com"]
[Source "ChessBase"]
[SourceQuality "1"]
[TimeControl "40/5400+30:1800+30"]

{[%evp 9,100,25,29,22,22,16,21,24,19,32767,32767,32767,32767,10,19,13,24,32767,13,26,32767,32767,18,25,18,2,16,-23,-13,-19,-8,-16,-8,-102,32767,32767,32767,32767,32767,-122,-97,-178,-120,-163,32767,-195,-176,-218,32767,32767,-253,32767,32767,32767,-197,-166,0,-128,-137,32767,32767,32767,32767,-232,32767,32767,32767,32767,32767,-333,32767,-276,-185,32767,-240,32767,-259,32767,-280,-255,-332,-248,-280,32767,-361,32767,32767,32767,-575,32767,32767,32767,-1062]} 1. d4 {[%emt 0:00:00]} d5 {[%emt 0:00:13]} 2. c4 {[%emt 0:00:00]} c6 {[%emt 0:00:03]} 3. Nf3 {[%emt 0:00:00]} Nf6 {[%emt 0:00:05]} 4. e3 {[%emt 0:00:00]} e6 {[%emt 0:00:03]} 5. b3 {[%emt 0:00:00]} Nbd7 {[%emt 0:00:05]} 6. Bb2 {[%emt 0:00:13]} Bd6 {[%emt 0:00:08]} 7. Bd3 {[%emt 0:00:05]} O-O {[%emt 0:00:11] A06: Réti Opening:1 Nf3 d5} 8. O-O {[%emt 0:00:02]} b6 {[%emt 0:00:03] LiveBook: 103 Games} 9. Nbd2 {[%emt 0:00:04]} Bb7 {[%emt 0:00:10]} 10. Ne5 {[%emt 0:00:05]} (10. Qe2 c5 11. Rad1 cxd4 12. Nxd4 Nc5 13. Bb1 Re8 14. cxd5 exd5 15. Nf5 Ba6 16. Nc4 Be5 17. Bxe5 Rxe5 18. Qb2 Re6 {½-½ (61) Grischuk,A (2747)-Ding,L (2778) Wenzhou 2016}) 10... c5 {[%emt 0:00:12]} 11. cxd5 {[%emt 0:11:26]} exd5 {[%emt 0:00:13]} 12. f4 {[%emt 0:00:28]} cxd4 {[%emt 0:00:23]} 13. exd4 {[%emt 0:00:25]} Ne4 {[%emt 0:00:09]} 14. Nxe4 {[%emt 0:06:49]} dxe4 {[%emt 0:00:06]} 15. Bc4 {[%emt 0:00:13]} Nf6 $146 {[%emt 0:00:14]} 16. Qe2 {[%emt 0:08:07]} Rc8 {[%emt 0:01:08]} 17. Rac1 {[%emt 0:03:58]} Rc7 {[%emt 0:00:00]} 18. Ba6 {[%emt 0:13:20]} Rxc1 {[%emt 0:20:48]} 19. Rxc1 {[%emt 0:01:52]} Bxa6 {[%emt 0:00:49]} 20. Qxa6 {[%emt 0:00:02]} Nd5 {[%emt 0:00:14]} 21. Qb7 {[%emt 0:12:03]} (21. g3 $1 $11) 21... Nxf4 {[%emt 0:09:07]} 22. Qxe4 {[%emt 0:03:22]} Bxe5 {[%emt 0:00:57]} 23. dxe5 {[%emt 0:00:13]} Qd2 {[%emt 0:01:38]} 24. Rb1 {[%emt 0:23:37]} Rd8 {[%emt 0:25:08]} 25. Qf3 {[%emt 0:07:45]} (25. h3 $17) 25... h6 {[%emt 0:21:06]} 26. Qf2 {[%emt 0:02:50]} g5 {[%emt 0:08:33]} 27. Qxd2 {[%emt 0:04:52]} Rxd2 {[%emt 0:00:06]} 28. g3 {[%emt 0:00:29]} Nh3+ {[%emt 0:02:27]} 29. Kh1 {[%emt 0:00:05]} g4 {[%emt 0:00:12]} 30. a4 {[%emt 0:00:52]} Kh7 {[%emt 0:05:14]} 31. Bc3 $1 $11 {[%emt 0:00:37] was the only way to keep the balance.} Rc2 {[%emt 0:01:21]} (31... Rd3 32. Rc1) 32. Bd4 {[%emt 0:00:07]} Rd2 $2 {[%emt 0:01:12]} (32... Ng5 $17 {Hoping for ...Nf3.} 33. Rb2 Rc1+ 34. Kg2 Nf3) 33. Be3 {[%emt 0:00:44]} Re2 {[%emt 0:00:45]} 34. Bf4 {[%emt 0:00:35]} Kg6 {[%emt 0:00:31]} 35. Rc1 {[%emt 0:00:25]} h5 {[%emt 0:00:29]} 36. b4 {[%emt 0:00:57]} ({Not} 36. Rc6+ $2 {[#]} f6 $1 {[%mdl 512]} 37. Rxf6+ Kh7 $19) 36... a6 {[%emt 0:01:20]} 37. b5 {[%emt 0:00:27]} axb5 {[%emt 0:00:04]} 38. axb5 {[%emt 0:00:00]} Kf5 {[%emt 0:00:15]} 39. Rb1 {[%emt 0:00:49]} Ke6 {[%emt 0:01:51]} 40. Rc1 {[%emt 0:00:00]} Kd5 {[%emt 0:02:24]} 41. Rf1 {[%emt 0:06:33]} Kc4 {[%emt 0:03:58]} 42. Rb1 {[%emt 0:02:11]} Kc5 {[%emt 0:00:58]} 43. Bh6 {[%emt 0:01:41]} Rxe5 {[%emt 0:02:45]} ({Don't take} 43... Nf2+ 44. Kg2 Nh3+ 45. Kf1 Rf2+ 46. Ke1 Rxh2 47. Rb3 $19) 44. Bf8+ {[%emt 0:00:06]} Kc4 {[%emt 0:00:32]} 45. Rb4+ {[%emt 0:02:01]} Kd3 {[%emt 0:00:16]} 46. Rb1 {[%emt 0:00:31]} Kc2 {[%emt 0:01:25]} 47. Rf1 {[%emt 0:00:22]} Rxb5 {[%emt 0:00:26]} 48. Kg2 {[%emt 0:00:18]} Rb1 {[%emt 0:02:01]} 49. Rxb1 {[%emt 0:03:13]} Kxb1 {[%emt 0:00:14]} 50. Bh6 {[%emt 0:00:11]} Kc2 $19 {[%emt 0:00:05]} 0-1

[Event "RUS-ch Youth U21 Girls 2017"]
[Site "Loo"]
[Date "2017.04.28"]
[Round "9"]
[White "Rodionova, Daria"]
[Black "Obolentseva, Alexandra"]
[Result "1/2-1/2"]
[WhiteElo "2164"]
[BlackElo "2346"]
[Annotator "NA"]
[PlyCount "85"]
[EventDate "2017.??.??"]
[EventType "tourn"]
[EventCountry "RUS"]
[SourceTitle "playchess.com"]
[Source "ChessBase"]
[SourceQuality "1"]
[TimeControl "40/5400+30:1800+30"]

{[%evp 8,85,25,32767,32767,32767,32767,14,32767,7,32767,32767,32767,32767,18,32767,32767,40,28,30,32767,25,21,34,52,0,27,0,32767,0,29,27,32767,22,20,32,24,0,0,0,0,0,12,-4,0,-9,32767,-5,-9,32767,0,-19,32767,0,0,32767,32767,53,32767,32767,32767,91,126,57,50,32767,32767,32767,32767,32767,32767,32767,32767,32767,32767,32767,32767,0,5,0]} 1. e4 {[%emt 0:00:00]} c5 {[%emt 0:00:07]} 2. Nf3 {[%emt 0:00:00]} d6 {[%emt 0:00:06]} 3. d4 {[%emt 0:00:00]} cxd4 {[%emt 0:00:05]} 4. Qxd4 {[%emt 0:00:07]} Nc6 {[%emt 0:00:06]} 5. Bb5 {[%emt 0:00:51]} Bd7 {[%emt 0:00:07]} 6. Qd3 {[%emt 0:00:23]} Nf6 {[%emt 0:00:22]} 7. c4 {[%emt 0:00:49]} g6 {[%emt 0:00:28]} 8. Nc3 {[%emt 0:01:36]} Bg7 {[%emt 0:00:08]} 9. O-O {[%emt 0:01:08]} O-O {[%emt 0:00:09]} 10. h3 {[%emt 0:00:09]} Rc8 {[%emt 0:00:37] LiveBook: 35 Games} 11. Be3 {[%emt 0:01:01]} a6 {[%emt 0:00:24]} 12. Bxc6 {[%emt 0:00:37]} Bxc6 {[%emt 0:00:08]} 13. Nd4 {[%emt 0:01:27]} Nd7 {[%emt 0:00:07]} 14. Rac1 {[%emt 0:01:11]} Nc5 {[%emt 0:00:07]} 15. Qb1 {[%emt 0:01:09]} Ne6 {[%emt 0:00:06]} 16. Qd3 {[%emt 0:14:16]} Nc5 {[%emt 0:02:02]} 17. Qb1 {[%emt 0:00:23]} Ne6 {[%emt 0:00:05]} 18. Qd3 {[%emt 0:00:20]} Nxd4 {[%emt 0:08:09]} 19. Bxd4 {[%emt 0:00:08]} Bxd4 {[%emt 0:00:39]} 20. Qxd4 {[%emt 0:00:04]} b5 {[%emt 0:00:06]} 21. cxb5 {[%emt 0:14:41]} axb5 {[%emt 0:00:14]} 22. Nd5 {[%emt 0:02:33]} Bxd5 {[%emt 0:01:51]} 23. exd5 {[%emt 0:03:11]} Qd7 {[%emt 0:02:16]} 24. Rfe1 {[%emt 0:06:54]} Qb7 {[%emt 0:03:50]} 25. Rxc8 {[%emt 0:05:44]} Rxc8 {[%emt 0:00:06]} 26. Qe4 {[%emt 0:03:44]} Rc7 {[%emt 0:01:00]} 27. a3 {[%emt 0:00:57]} Qa7 {[%emt 0:04:59]} 28. Qh4 {[%emt 0:14:00]} Qa4 {[%emt 0:02:30]} 29. Qg5 {[%emt 0:10:39]} f6 {[%emt 0:00:20]} 30. Qe3 {[%emt 0:00:30]} Qc4 {[%emt 0:00:37]} 31. Qb6 {[%emt 0:03:27]} Rd7 {[%emt 0:04:03]} 32. Qb8+ {[%emt 0:01:50]} Kg7 {[%emt 0:00:46]} 33. Qe8 {[%emt 0:02:38]} Qc7 {[%emt 0:00:05]} 34. h4 {[%emt 0:02:30]} Qb7 {[%emt 0:05:39]} 35. h5 {[%emt 0:02:32]} (35. Rc1 $16 {Rc8 is the strong threat.} Rc7 36. Rc6) 35... Rc7 {[%emt 0:00:23]} 36. Re3 {[%emt 0:03:49]} Qxd5 {[%emt 0:01:19]} 37. Rxe7+ {[%emt 0:00:53]} Rxe7 {[%emt 0:00:06]} 38. Qxe7+ {[%emt 0:00:05]} Kh6 {[%emt 0:00:08]} 39. hxg6 {[%emt 0:02:04]} Qd1+ {[%emt 0:00:05]} 40. Kh2 {[%emt 0:00:00]} Qh5+ {[%emt 0:00:09]} 41. Kg1 {[%emt 0:01:04]} Qd1+ {[%emt 0:00:06]} 42. Kh2 {[%emt 0:00:10]} Qh5+ {[%emt 0:00:04]} 43. Kg1 $11 {[%emt 0:03:47]} 1/2-1/2